00461nam a2200157Ia 4500003000400000008004100004040001600045082001700061100002600078245006200104300001100166490003900177650001900216650003600235650003200271GCL140319s9999 xx 000 0 ara d aGCL / cGCL04a595.7bع ح1 aعفيفى محمود10aالحشرات والانسان / cعفيفى محمود a112 ص aالمكتبة الثقافيةv004aالحشرات04aالحشرات المنزلية04aمكافحة الحشرات